Superman : (Record no. 4303)
[ view plain ]
| 000 -LEADER | |
|---|---|
| fixed length control field | 01211nam a22002777a 4500 |
| 001 - CONTROL NUMBER | |
| control field | 4303 |
| 003 - CONTROL NUMBER IDENTIFIER | |
| control field | FISKH |
| 005 - DATE AND TIME OF LATEST TRANSACTION | |
| control field | 20240717082204.0 |
| 008 - FIXED-LENGTH DATA ELEMENTS--GENERAL INFORMATION | |
| fixed length control field | 240717b cb ||||| |||| 00| 0 eng d |
| 020 ## - INTERNATIONAL STANDARD BOOK NUMBER | |
| International Standard Book Number | 59781434217363 |
| 040 ## - CATALOGING SOURCE | |
| Original cataloging agency | FISKH |
| Language of cataloging | eng |
| Transcribing agency | FISKH |
| Modifying agency | FISKH |
| 050 ## - LIBRARY OF CONGRESS CALL NUMBER | |
| Classification number | PZ7.K9523 |
| 082 ## - DEWEY DECIMAL CLASSIFICATION NUMBER | |
| Classification number | 741.5973 |
| 100 ## - MAIN ENTRY--PERSONAL NAME | |
| Personal name | Kupperberg, Paul |
| 245 ## - TITLE STATEMENT | |
| Title | Superman : |
| Remainder of title | Super-villain showdown / |
| Statement of responsibility, etc. | Written by Paul Kupperberg ; illustrated by Erik Doescher, Mike Decarlo, and Lee Loughridge ; Superman Created by Jerry Siegel and Joe Shuster |
| 260 ## - PUBLICATION, DISTRIBUTION, ETC. | |
| Place of publication, distribution, etc. | Minnesota : |
| Name of publisher, distributor, etc. | Stone Arch Books, |
| Date of publication, distribution, etc. | 2010. |
| 300 ## - PHYSICAL DESCRIPTION | |
| Extent | 48 pages : |
| Other physical details | color illustrations ; |
| Dimensions | 19 cm |
| 490 ## - SERIES STATEMENT | |
| Series statement | DC comics super heroes |
| 520 ## - SUMMARY, ETC. | |
| Summary, etc. | "Intergalactic peacekeepers are chasing the evil Terra-Man through space! When this super-villain seeks refuge on Earth, Superman offers to join the peacekeepers' posse. Soon the Man of Steel locates the gun-slinging criminal in an Old West ghost town, and the two face off in an old-fashioned showdown" |
| 521 8# - TARGET AUDIENCE NOTE | |
| Target audience note | 660<br/> |
| 700 ## - ADDED ENTRY--PERSONAL NAME | |
| Personal name | Doescher, Erik |
| Relator term | Illustrator |
| 700 ## - ADDED ENTRY--PERSONAL NAME | |
| Personal name | Decarlo, Mike |
| Relator term | Illustrator |
| 700 ## - ADDED ENTRY--PERSONAL NAME | |
| Personal name | Loughridge, Lee |
| Relator term | Illustrator |
| 942 ## - ADDED ENTRY ELEMENTS (KOHA) | |
| Source of classification or shelving scheme | Dewey Decimal Classification |
| Koha item type | Books |
| Suppress in OPAC | No |
| Withdrawn status | Lost status | Source of classification or shelving scheme | Damaged status | Not for loan | Collection | Home library | Current library | Shelving location | Date acquired | Total Checkouts | Full call number | Barcode | Date last seen | Price effective from | Koha item type |
|---|---|---|---|---|---|---|---|---|---|---|---|---|---|---|---|
| Dewey Decimal Classification | Juvenile Fiction | Footprints International School Library Network Toul Kork Campus | Footprints International School Library Network Toul Kork Campus | A TK Campus, Comic Books (All Reading Levels), B401 Bookcase 1/2, Shelf 3 | 07/17/2024 | KUP 741.5973 PZ7.K9523 | FISTK00241 | 07/17/2024 | 07/17/2024 | Books |
